Guide to IMF stress testing : methods and models /

Bibliographic Details
Corporate Author: ebrary, Inc
Other Authors: Ong, Li Lian (Editor)
Format: eBook
Language:English
Published: Washington, DC : International Monetary Fund, [2014]
Subjects:
Online Access:Connect to the full text of this electronic book

MARC

Tag First Indicator Second Indicator Subfields
LEADER 00000cam a22000001i 4500
001 in00003487621
006 m |o d |
007 cr |n|||||||||
008 150330s2014 dcua ob 001 0 eng d
005 20250816213344.5
020 |a 9781475551297 (electronic bk.) 
020 |a 1475551290 (electronic bk.) 
020 |z 9781484368589 
020 |z 1484368584 
024 8 |a 99966945930 
035 |a (NhCcYBP)ebr11002622 
040 |a NhCcYBP  |c NhCcYBP  |d UtOrBLW 
050 4 |a HB3725  |b .G84 2014 
082 0 4 |a 338.5/42  |2 23 
084 |a QK 320  |2 rvk 
245 0 0 |a Guide to IMF stress testing :  |b methods and models /  |c editor, Li Lian Ong. 
246 3 |a Guide to International Monetary Fund stress testing 
264 1 |a Washington, DC :  |b International Monetary Fund,  |c [2014] 
300 |a 1 online resource. 
336 |a text  |b txt  |2 rdacontent  |3 CD 
337 |a computer  |b c  |2 rdamedia  |3 CD 
338 |a online resource  |b cr  |2 rdacarrier  |3 CD 
504 |a Includes bibliographical references and index. 
588 |a Description based on print version record. 
500 |a Electronic resource. 
650 0 |a Financial crises.  |0 http://id.loc.gov/authorities/subjects/sh89002668 
650 0 |a Banks and banking, International.  |0 http://id.loc.gov/authorities/subjects/sh85011656 
610 2 0 |a International Monetary Fund.  |0 http://id.loc.gov/authorities/names/n81052755 
655 7 |a Electronic books.  |2 local 
700 1 |a Ong, Li Lian,  |e editor.  |0 http://id.loc.gov/authorities/names/n2002108744 
710 2 |a ebrary, Inc.  |0 http://id.loc.gov/authorities/names/no2007088509 
776 1 8 |c Original  |z 9781484368589  |z 1484368584  |w (DLC) 2014486634 
856 4 1 |u https://ebookcentral.proquest.com/lib/tamucs/detail.action?docID=1911897  |y Connect to the full text of this electronic book  |t 0 
955 |a YBP purchased DDA e-records 
980 |b 48.75  |g 1 
987 |a ybp12229929 
999 f f |s cd53bd86-c325-3f7e-8506-b7c8124dc516  |i 6a4d0ac1-a66e-3507-b814-4f780789984e  |t 0 
952 f f |a Texas A&M University  |b College Station  |c Electronic Resources  |d Available Online  |t 0  |e HB3725 .G84 2014  |h Library of Congress classification 
998 f f |a HB3725 .G84 2014  |t 0  |l Available Online